[Event "Rafaela IRT U1700"]
[Site "Rafaela"]
[Date "2019.09.01"]
[Round "4.5"]
[White "Riboldi, Roberto"]
[Black "Ghiberto, Lucia"]
[Result "1-0"]
[WhiteElo "1504"]
[BlackElo "1194"]
[PlyCount "115"]
[EventDate "2019.08.31"]
[EventType "swiss"]
[EventRounds "6"]
[EventCountry "ARG"]
[SourceTitle "EXT 2024"]
[Source "ChessBase"]
[SourceDate "2023.10.10"]
[SourceVersion "1"]
[SourceVersionDate "2023.10.10"]
[SourceQuality "1"]

1. d4 d5 2. c4 e6 3. Nc3 Nf6 4. Nf3 Be7 5. Bg5 Nbd7 6. e3 h6 7. Bh4 b6 8. cxd5 Nxd5 9. Bxe7 Qxe7 10. Bb5 0-0 11. Nxd5 exd5 12. Bc6 Rb8 13. Bxd5 Bb7 14. Bxb7 Rxb7 15. 0-0 c6 16. Rc1 Qe6 17. b3 Re8 18. Rc3 Qd5 19. Qc2 Rc7 20. Qe2 Re6 21. h3 g6 22. Rd1 Kg7 23. Nh2 Nf6 24. Qf3 Ne4 25. Rc2 Rd7 26. Qe2 Qg5 27. Qg4 Qd5 28. Rdc1 Nf6 29. Qf3 Ne4 30. b4 Rdd6 31. Ng4 Nf6 32. Qxd5 Nxd5 33. a3 b5 34. Ne5 Ne7 35. Nd3 Nc8 36. Rc5 Ne7 37. Re5 Rxe5 38. Nxe5 f6 39. Nd3 g5 40. Ra1 Rd7 41. Nc5 Rd6 42. a4 bxa4 43. Rxa4 Nc8 44. Ra6 Kg6 45. Kf1 f5 46. Ke2 Kf6 47. Kd3 Ke7 48. Nb7 Rd7 49. Na5 Rd6 50. Rxc6 Nb6 51. Rxd6 Kxd6 52. Nc4+ Kd5 53. Nxb6+ axb6 54. f3 b5 55. e4+ fxe4+ 56. fxe4+ Kd6 57. Ke3 h5 58. Kf3 1-0

[Event "Rafaela IRT U1700"]
[Site "Rafaela"]
[Date "2019.08.31"]
[Round "1.10"]
[White "Ghiberto, Lucia"]
[Black "Costa, Jorge2222"]
[Result "0-1"]
[WhiteElo "1194"]
[BlackElo "1493"]
[PlyCount "126"]
[EventDate "2019.08.31"]
[EventType "swiss"]
[EventRounds "6"]
[EventCountry "ARG"]
[SourceTitle "EXT 2024"]
[Source "ChessBase"]
[SourceDate "2023.10.10"]
[SourceVersion "1"]
[SourceVersionDate "2023.10.10"]
[SourceQuality "1"]

1. e4 d5 2. exd5 Qxd5 3. Nc3 Qa5 4. Nf3 Bg4 5. Be2 Nf6 6. d4 Bxf3 7. Bxf3 c6 8. 0-0 e6 9. Re1 Be7 10. Bf4 0-0 11. a3 Qd8 12. Ne2 Nd5 13. Bg3 Bd6 14. c4 Nf6 15. Qd3 Bxg3 16. Nxg3 Nbd7 17. Rad1 Qc7 18. Qc3 Rac8 19. b3 Rfe8 20. Rd2 Nf8 21. Rde2 Ng6 22. Re3 Rcd8 23. b4 Qb6 24. Rd1 Nh4 25. Be2 Ng6 26. Bf3 Qc7 27. Rde1 Qf4 28. Ne2 Qc7 29. Ng3 Qb6 30. Rd1 Nh4 31. Be2 Qc7 32. h3 Qf4 33. c5 Nd5 34. Qd3 Nxe3 35. Qxe3 Qxe3 36. fxe3 Nf5 37. Nf1 e5 38. dxe5 Rxd1 39. Bxd1 Rxe5 40. Kf2 Ne7 41. Nd2 Nd5 42. Nc4 Re7 43. Kf3 Nc3 44. Bc2 Nb5 45. Bb3 g6 46. a4 Nc7 47. e4 Ne6 48. Ke3 Nc7 49. Nd6 Na6 50. b5 Nxc5 51. Bc4 cxb5 52. axb5 b6 53. Kd4 Ne6+ 54. Ke3 Rc7 55. e5 Kf8 56. Ke4 Ke7 57. h4 h6 58. g4 f6 59. Bd3 fxe5 60. Nc4 Nc5+ 61. Ke3 Nxd3 62. Kxd3 Ke6 63. Ne3 Rc5 0-1

[Event "Santa Fe Rafaela U2200 op"]
[Site "Santa Fe"]
[Date "2019.05.04"]
[Round "1.15"]
[White "Ghiberto, Lucia"]
[Black "Decoppet, Nestor"]
[Result "0-1"]
[WhiteElo "1193"]
[BlackElo "1783"]
[PlyCount "172"]
[EventDate "2019.05.04"]
[EventType "swiss"]
[EventRounds "6"]
[EventCountry "ARG"]
[SourceTitle "EXT 2024"]
[Source "ChessBase"]
[SourceDate "2023.10.10"]
[SourceVersion "1"]
[SourceVersionDate "2023.10.10"]
[SourceQuality "1"]

1. e4 e5 2. Nf3 Nc6 3. Bc4 Nf6 4. d3 h6 5. c3 Be7 6. 0-0 0-0 7. h3 d6 8. Be3 Na5 9. Bb5 c6 10. Ba4 b5 11. Bc2 Ne8 12. b4 Nb7 13. Bb3 a5 14. a4 axb4 15. cxb4 bxa4 16. Rxa4 Rxa4 17. Bxa4 Qc7 18. Qc2 c5 19. Rc1 f5 20. bxc5 dxc5 21. Qc4+ Kh7 22. Na3 Ned6 23. Qc3 fxe4 24. Nxe5 exd3 25. Nxd3 Ne4 26. Qe5 Qxe5 27. Nxe5 Bf6 28. Nac4 Kg8 29. Bc6 Ng5 30. Bd5+ Be6 31. Bxb7 Rb8 32. Ba6 Ne4 33. Nc6 Ra8 34. Bb5 Nc3 35. Nd6 Bd7 36. Ne7+ Bxe7 37. Rxc3 Ra1+ 38. Rc1 Rxc1+ 39. Bxc1 Bxh3 40. Ne4 Be6 41. Ba3 Kf7 42. Bxc5 Bxc5 43. Nxc5 Bd5 44. Nd3 Kf6 45. Be8 Be4 46. Nf4 Ke5 47. Nh5 g6 48. f4+ Ke6 49. Ng3 Bd3 50. Kf2 Ke7 51. Ba4 Ba6 52. Ke3 Bb7 53. Bc2 Kf6 54. Kf2 Bc6 55. Nf1 Bb7 56. Nh2 Bc8 57. g4 Bb7 58. Nf1 Bc6 59. Ng3 Bd7 60. Kf3 Be8 61. Ne4+ Kg7 62. Nd6 Bd7 63. Nc4 Be8 64. Ne5 h5 65. g5 Kh7 66. Nd3 Bd7 67. Ne5 Be8 68. Nd3 Bc6+ 69. Ke3 Bd7 70. Nc5 Bc6 71. Ne6 h4 72. Nf8+ Kg7 73. Nxg6 h3 74. f5 h2 75. f6+ Kf7 76. Ne5+ Ke6 77. Bb3+ Kxe5 78. f7 h1Q 79. f8Q Qe4+ 80. Kf2 Qg2+ 81. Ke1 Qe4+ 82. Kf2 Qh4+ 83. Ke2 Bb5+ 84. Kf3 Qh3+ 85. Kf2 Qf1+ 86. Ke3 Qxf8 0-1

[Event "ARG-ch U18 Girls"]
[Site "Buenos Aires"]
[Date "2019.03.05"]
[Round "7.5"]
[White "Munoz, Clara Belen"]
[Black "Ghiberto, Lucia"]
[Result "1/2-1/2"]
[WhiteElo "1502"]
[BlackElo "1182"]
[PlyCount "75"]
[EventDate "2019.03.01"]
[EventType "swiss"]
[EventRounds "7"]
[EventCountry "ARG"]
[SourceTitle "EXT 2024"]
[Source "ChessBase"]
[SourceDate "2023.10.10"]
[SourceVersion "1"]
[SourceVersionDate "2023.10.10"]
[SourceQuality "1"]

1. e4 d5 2. exd5 Nf6 3. Nc3 Nxd5 4. Bc4 c6 5. Qf3 Nf6 6. Qd1 Bf5 7. d3 e6 8. Nge2 Be7 9. Ng3 Bg6 10. 0-0 0-0 11. f4 Qd7 12. Qf3 h6 13. Kh1 Bc5 14. Nce4 Nxe4 15. Nxe4 Bb6 16. Be3 Bxe3 17. Qxe3 Qe7 18. Rae1 Nd7 19. Ng3 Qb4 20. Bb3 Nf6 21. f5 exf5 22. Qf3 Rfe8 23. Rxe8+ Rxe8 24. h3 Re5 25. c3 Qe7 26. d4 Re3 27. Nxf5 Bxf5 28. Qxf5 Qe8 29. Qf4 Kh7 30. Bc2+ Kg8 31. Bb3 Kf8 32. Qd6+ Kg8 33. Qc7 Re7 34. Qg3 Re3 35. Qc7 Re7 36. Qg3 Re3 37. Qc7 Re7 38. Qg3 1/2-1/2

[Event "Santa Fe Nelson op"]
[Site "Santa Fe"]
[Date "2018.04.14"]
[Round "1"]
[White "Grospietro, Patricio Alejandro"]
[Black "Ghiberto, Lucia"]
[Result "1-0"]
[WhiteElo "1757"]
[BlackElo "1170"]
[PlyCount "127"]
[EventDate "2018.04.14"]
[EventType "swiss"]
[EventRounds "6"]
[EventCountry "ARG"]
[SourceTitle "EXT 2019"]
[Source "ChessBase"]
[SourceDate "2018.10.10"]
[SourceVersion "1"]
[SourceVersionDate "2018.10.10"]
[SourceQuality "1"]

1. d4 d5 2. Bf4 e6 3. Nf3 Nf6 4. e3 Be7 5. h3 0-0 6. c4 c6 7. Bd3 Nbd7 8. 0-0 b6 9. Nc3 Re8 10. Rc1 Bb7 11. a3 Rc8 12. b4 Nf8 13. c5 b5 14. a4 a6 15. Qb3 Ra8 16. Ra1 Ng6 17. Bh2 Qd7 18. Ne5 Nxe5 19. dxe5 Ne4 20. Bxe4 dxe4 21. Nxe4 Red8 22. Rfd1 Qc7 23. Nd6 h6 24. f4 Rf8 25. f5 exf5 26. e6 Bf6 27. exf7+ Kh7 28. Rac1 Qe7 29. Qd3 Bc8 30. Nxc8 Raxc8 31. Bd6 Qxf7 32. Bxf8 Qxf8 33. Qxf5+ Kh8 34. axb5 axb5 35. e4 Qe8 36. Qd7 Qf8 37. Rf1 Qg8 38. Rcd1 Be5 39. Qf7 Rc7 40. Qxg8+ Kxg8 41. Rd8+ Kh7 42. Rdf8 Bd4+ 43. Kh1 Bc3 44. Rb1 Kg6 45. Rd8 Kf6 46. Rd3 Be5 47. Rf1+ Ke6 48. Rf8 Ke7 49. Rf5 Ke6 50. Rd8 Bf6 51. Rd6+ Ke7 52. e5 Bg5 53. e6 Bf6 54. Kh2 Ke8 55. Kg3 Ke7 56. Kg4 Ke8 57. Kh5 Ke7 58. Kg6 Ke8 59. Rxf6 gxf6 60. Kxf6 h5 61. e7 Rxe7 62. Re6 Rxe6+ 63. Kxe6 Kd8 64. Kd6 1-0

[Event "ARG-ch U18 Girls"]
[Site "Villa Martelli"]
[Date "2018.02.10"]
[Round "4.3"]
[White "Aranda, Katherine"]
[Black "Ghiberto, Lucia"]
[Result "1-0"]
[WhiteElo "1293"]
[BlackElo "1170"]
[PlyCount "69"]
[EventDate "2018.02.09"]
[EventType "tourn"]
[EventRounds "7"]
[EventCountry "ARG"]
[SourceTitle "EXT 2024"]
[Source "ChessBase"]
[SourceDate "2023.10.10"]
[SourceVersion "1"]
[SourceVersionDate "2023.10.10"]
[SourceQuality "1"]

1. d4 d5 2. c4 e6 3. e3 Nf6 4. Nc3 Be7 5. Bd3 0-0 6. Nf3 Nbd7 7. 0-0 c6 8. a3 h6 9. b3 b6 10. Bb2 Ba6 11. Rc1 Qc8 12. Re1 Qb7 13. Ne5 Rac8 14. Ne2 Rfd8 15. Bb1 Qb8 16. cxd5 Nxe5 17. dxe5 Nxd5 18. Qc2 g6 19. Nd4 c5 20. Nxe6 Re8 21. Nf4 Nxf4 22. exf4 Kh7 23. f5 Rg8 24. Rcd1 Qc7 25. e6 Bd6 26. fxg6+ fxg6 27. Be5 Qe7 28. Bxd6 Qe8 29. Bf4 Bb5 30. h4 h5 31. Rd5 Bc6 32. Rxh5+ Kg7 33. Qc3+ Kf8 34. e7+ Kf7 35. Rh7+ 1-0

[Event "ARG-ch sf U1700 Villa Maria"]
[Site "Villa Maria"]
[Date "2017.02.17"]
[Round "2.2"]
[White "Allasia, Jesus"]
[Black "Ghiberto, Lucia"]
[Result "1-0"]
[WhiteElo "1649"]
[BlackElo "1262"]
[PlyCount "93"]
[EventDate "2017.02.17"]
[EventType "swiss"]
[EventRounds "9"]
[EventCountry "ARG"]
[SourceTitle "EXT 2024"]
[Source "ChessBase"]
[SourceDate "2023.10.10"]
[SourceVersion "1"]
[SourceVersionDate "2023.10.10"]
[SourceQuality "1"]

1. d4 d5 2. Nf3 Nf6 3. Bf4 Bf5 4. e3 Nbd7 5. h3 e6 6. a3 Bd6 7. Ne5 0-0 8. c4 b6 9. Nc3 Be7 10. Nc6 Qe8 11. Nb5 Bd8 12. Bxc7 Nc5 13. Nxd8 Na6 14. cxd5 exd5 15. Nd6 Qd7 16. Bxa6 Qxc7 17. Nxf5 Raxd8 18. 0-0 Qd7 19. Qf3 Rfe8 20. Rac1 Ne4 21. Qg4 g6 22. Nh6+ Kg7 23. Qxd7 Rxd7 24. Bb5 Rde7 25. Bxe8 Rxe8 26. Ng4 h5 27. Ne5 Re7 28. Rc2 Nf6 29. Rfc1 Ne8 30. Rc8 f6 31. Nc6 Re6 32. Nxa7 g5 33. Rd8 Kg6 34. Rxd5 Kf7 35. Rc6 Rxc6 36. Nxc6 Ke6 37. Rb5 Kf7 38. Rxb6 Kg6 39. a4 Nc7 40. a5 Nd5 41. Rb8 Nc7 42. b4 Kf7 43. b5 Ke6 44. a6 Kd7 45. a7 Kd6 46. b6 Kxc6 47. bxc7 1-0

[Event "ARG-ch sf U1700 Villa Maria"]
[Site "Villa Maria"]
[Date "2017.02.17"]
[Round "1.5"]
[White "Ghiberto, Lucia"]
[Black "Reburdo, Rodrigo Hernan"]
[Result "0-1"]
[WhiteElo "1262"]
[BlackElo "1488"]
[PlyCount "52"]
[EventDate "2017.02.17"]
[EventType "swiss"]
[EventRounds "9"]
[EventCountry "ARG"]
[SourceTitle "EXT 2024"]
[Source "ChessBase"]
[SourceDate "2023.10.10"]
[SourceVersion "1"]
[SourceVersionDate "2023.10.10"]
[SourceQuality "1"]

1. e4 c5 2. Nf3 d6 3. d4 cxd4 4. c3 dxc3 5. Nxc3 Nf6 6. Bc4 a6 7. 0-0 e6 8. Bb3 Be7 9. Re1 Nbd7 10. Be3 b5 11. Qd2 Bb7 12. Bf4 Nc5 13. Bc2 e5 14. Bg3 0-0 15. b4 Ncd7 16. Rad1 Nb6 17. Qc1 Qc7 18. Nb1 Rac8 19. Na3 Qb8 20. Qb2 Rc7 21. Nd2 Rfc8 22. f4 Nh5 23. fxe5 Nxg3 24. hxg3 dxe5 25. Qxe5 Bxb4 26. Qd4 Bc5 0-1